000 00498nam a2200181Ia 4500
001 23757
003 GE_BSU
008 181216s||||||||xx |||||||||||||| ||und||
040 _cGE_BSU
245 4 _aThe Economist, october 27TH-november 2ND №9080. 9115. 2018
260 _alondon
260 _c2018
300 _a82p;ill;27cm;
653 _aThe Economist, october 27TH-november 2ND №9080. 9115. 2018
653 _aПериодика
653 _aპერიოდიკა
942 _cCR
999 _c56636
_d56636